Akciový trh verzus reálna ekonomika a jej indikátor HDP

Identifikovanie a kvantifikácia vzájomnej závislosti vývoja HDP a akciového trhu, s dôrazom na posun "časovú medzeru" medzi vrcholmi a dnami týchto indikátorov. Porovnanie USA, Nemecka a Číny.

Na minha lista:
Detalhes bibliográficos
Autor principal: Chovancová, Božena
Outros Autores: Árendáš, Peter, 1986-
Formato: Capítulo de Livro
Idioma:eslovaco
Assuntos:
Tags: Adicionar Tag
Sem tags, seja o primeiro a adicionar uma tag!

MARC

LEADER 00000naa a2200000 4500
001 0227065
005 20240502083609.1
041 0 |a slo 
044 |a CZ 
245 1 0 |a Akciový trh verzus reálna ekonomika a jej indikátor HDP  |c Božena Chovancová, Peter Árendáš 
520 |a Identifikovanie a kvantifikácia vzájomnej závislosti vývoja HDP a akciového trhu, s dôrazom na posun "časovú medzeru" medzi vrcholmi a dnami týchto indikátorov. Porovnanie USA, Nemecka a Číny. 
610 2 0 |a trh akciový 
610 2 0 |a produkt domáci hrubý 
610 2 0 |a vývoj hospodársky 
610 2 0 |a cykly hospodárske 
610 2 0 |a USA 
610 2 0 |a Čína 
610 2 0 |a Nemecko 
100 1 |a Chovancová, Božena 
700 1 |a Árendáš, Peter, 1986-